[Event "HUN-chT2 Szechenyi 1819"]
[Site "Hungary"]
[Date "2018.10.28"]
[Round "1.9"]
[White "Kurics, Laszlo Endre"]
[Black "Kocsis, Tihamer"]
[Result "1/2-1/2"]
[WhiteElo "1673"]
[BlackElo "1742"]
[PlyCount "48"]
[EventDate "2018.10.28"]
[EventType "team-tourn"]
[EventRounds "9"]
[EventCountry "HUN"]
[SourceTitle "EXT 2021"]
[Source "ChessBase"]
[SourceDate "2020.10.23"]
[SourceVersion "1"]
[SourceVersionDate "2020.10.23"]
[SourceQuality "1"]
[WhiteTeam "Ajka ASSE"]
[BlackTeam "Gyor Szechenyi II"]
[WhiteTeamCountry "HUN"]
[BlackTeamCountry "HUN"]

1. e4 d5 2. exd5 Nf6 3. Nf3 Nxd5 4. Nc3 Bg4 5. Be2 e6 6. d3 Nxc3 7. bxc3 c5 8. Be3 Nc6 9. Qb1 Qc7 10. Qb5 b6 11. h3 Bh5 12. g4 Bg6 13. Ne5 Rc8 14. f4 Bd6 15. Qxc6+ Qxc6 16. Nxc6 Rxc6 17. 0-0 f6 18. Rad1 Ke7 19. f5 Bf7 20. fxe6 Bxe6 21. Bf4 Rd8 22. Bxd6+ Rcxd6 23. Rfe1 Kf7 24. a3 g6 1/2-1/2